Gazetteer of the Kangra District, 1883-84. (Record no. 329799)

000 -LEADER
fixed length control field 01115cam a2200325 a 4500
001 - CONTROL NUMBER
control field 12661258
003 - CONTROL NUMBER IDENTIFIER
control field NUST
005 - DATE AND TIME OF LATEST TRANSACTION
control field 20170523120322.0
008 - FIXED-LENGTH DATA ELEMENTS--GENERAL INFORMATION
fixed length control field 011113s2001 pk 000 0 eng
010 ## - LIBRARY OF CONGRESS CONTROL NUMBER
LC control number 2001288976
020 ## - INTERNATIONAL STANDARD BOOK NUMBER
International Standard Book Number 9693511166
025 ## - OVERSEAS ACQUISITION NUMBER
Overseas acquisition number P-E-2001288976; 07
035 ## - SYSTEM CONTROL NUMBER
System control number (DLC) 2001288976
040 ## - CATALOGING SOURCE
Original cataloging agency DLC
Transcribing agency DLC
Modifying agency DLC
042 ## - AUTHENTICATION CODE
Authentication code lcode
043 ## - GEOGRAPHIC AREA CODE
Geographic area code a-ii---
050 00 - LIBRARY OF CONGRESS CALL NUMBER
Classification number DS485.K182
Item number G39 2001
082 00 - DEWEY DECIMAL CLASSIFICATION NUMBER
Classification number 954.552 GAZ
Edition number 21
245 00 - TITLE STATEMENT
Title Gazetteer of the Kangra District, 1883-84.
246 13 - VARYING FORM OF TITLE
Title proper/short title Kangra District
260 ## - PUBLICATION, DISTRIBUTION, ETC.
Place of publication, distribution, etc. Lahore :
Name of publisher, distributor, etc. Sang-e-Publications,
Date of publication, distribution, etc. 2001.
300 ## - PHYSICAL DESCRIPTION
Extent 2 v. ;
Dimensions 24 cm.
500 ## - GENERAL NOTE
General note Reproduction of original t.p.
500 ## - GENERAL NOTE
General note "Originally published under the authority of the Punjab Government"--Original t.p.
505 1# - FORMATTED CONTENTS NOTE
Formatted contents note Vol. 1. Kangra proper -- v. 2. Kulu, Lahaul, and Spiti.
651 #0 - SUBJECT ADDED ENTRY--GEOGRAPHIC NAME
Geographic name Kāngra (India : District)
9 (RLIN) 1300
906 ## - LOCAL DATA ELEMENT F, LDF (RLIN)
a 7
b cbc
c origode
d 2
e ncip
f 20
g y-gencatlg
942 ## - ADDED ENTRY ELEMENTS (KOHA)
Source of classification or shelving scheme
Koha item type Book
Holdings
Withdrawn status Lost status Source of classification or shelving scheme Damaged status Not for loan Permanent Location Current Location Date acquired Total Checkouts Full call number Barcode Date last seen Price effective from Koha item type
          School of Civil and Environmental Engineering (SCEE) School of Civil and Environmental Engineering (SCEE) 05/23/2017   954.552 GAZ NIT-8686 05/23/2017 05/23/2017 Book
© 2023 Central Library, National University of Sciences and Technology. All Rights Reserved.